O českých příjmeních

Bibliographic Details
Main Author: Beneš, Josef, 1902-1984 (Author)
Format: Book
Language:Czech
PhysicalDescription:355 s. 8°
Published: Praha Nakladatelství ČSAV 1962
Series:Studie a prameny
Subjects:

MARC

LEADER 00000nam a2200000 a 4500
001 vtls001265491
003 SK-MaSNL
005 20260301195321.0
008 251113s1962 xr 10 cze
035 |a SNK000216420 
040 |a SNK  |b slo  |c SNK  |e AACR2 
041 0 |a cze 
044 |a xr  |c CZ 
080 |a 81`373.232.1  |2 2001 
080 |a 811.162.3  |2 2001 
100 1 |a Beneš, Josef,  |d 1902-1984  |4 aut  |9 99505 
245 1 |a O českých příjmeních  |c Josef Beneš 
260 |a Praha  |b Nakladatelství ČSAV  |c 1962 
300 |a 355 s.  |c 8° 
490 1 |a Studie a prameny  |v sv. 14. 
650 0 7 |a priezviská  |2 SNKPH  |9 13343 
650 0 7 |a české priezviská  |2 SNKPH  |9 76339 
830 0 |a Studie a prameny  |9 395029 
852 |a Štátna vedecká knižnica v Banskej Bystrici 
999 |c 885022  |d 886952 
952 |t P60, <04>, [BOOK], {604}  |a SNK  |b SNK  |y VYP  |7 0  |p 17A0091497  |o snkID 33574  |i snkKIP 3333/63  |0 0  |1 0  |4 0  |d 1996-11-07  |l 0  |r 2005-01-01 00:00:00  |w 2026-02-24 
952 |a SNK  |b SNK  |y NEVYP  |7 0  |p 17A0381499  |o snkID 33574 D1  |i snkKIP 3334/63  |0 0  |1 1  |4 0  |d 1996-11-07  |l 0  |r 2005-01-01 00:00:00  |w 2026-02-24